2024 MotoGP riders by number - Statistics

General Stats
  • This quiz has been taken 141 times
  • The average score is 17 of 22
Answer Stats
Number Rider % Correct
1 Francesco Bagnaia
97%
93 Marc Marquez
91%
5 Johann Zarco
90%
89 Jorge Martin
86%
73 Alex Marquez
85%
20 Fabio Quartararo
85%
10 Luca Marini
82%
12 Maverick Vinales
80%
23 Enea Bastianini
78%
36 Joan Mir
77%
33 Brad Binder
76%
21 Franco Morbidelli
76%
72 Marco Bezzecchi
75%
88 Miguel Oliveira
75%
31 Pedro Acosta
75%
41 Aleix Espargaro
73%
42 Alex Rins
71%
43 Jack Miller
71%
25 Raul Fernandez
71%
37 Augusto Fernandez
69%
30 Taakaki Nakagami
68%
49 Fabio Di Giannantonio
66%
No matching quizzes found
Score Distribution
Percent of People with Each Score
Percentile by Number Answered
Your Score History
You have not taken this quiz